Proyecto de reforma del sistema educativo argentino. texto aprobado /

Guardado en:
Formato: Libro
Publicado: Buenos Aires : Secretar¡a de estado de cultura y educaci¢n, 1969
Materias:
Etiquetas: Agregar Etiqueta
Sin Etiquetas, Sea el primero en etiquetar este registro!
LEADER 00543nam a22001695a 4500
001 CEM.cems006948
005 20060214000000.0
008 130507s1969##################000#0#####d
003 CEMS
082 0 4 |a 370.982 
245 0 0 |a Proyecto de reforma del sistema educativo argentino. texto aprobado / 
260 |a Buenos Aires :  |b Secretar¡a de estado de cultura y educaci¢n,  |c 1969 
300 |a 303 p. 
653 |a Educacion 
653 |a Educacion argentina 
653 |a Reforma educativa 
859 |a CEMS  |b BIB. CEMS - 11 de abril  |h 370.982  |i Ar37  |p 12962.84  |t Ej.1